| 000 | 00429nam a22001577a 4500 | ||
|---|---|---|---|
| 005 | 20230119121605.0 | ||
| 008 | 190918b xxu||||| |||| 00| 0 eng d | ||
| 020 | _a81-862-7050-7 | ||
| 041 | _aeng | ||
| 100 |
_aSIDDIQUI, DR. ANEES AHMAD AND SIDDIQUI, SEEMI _95067 |
||
| 245 | _aPHARMACEUTICAL CHEMISTRY - I | ||
| 260 |
_aDELHI _bBIRLA PUBLICATION PVT.LTD |
||
| 300 | _a224p, | ||
| 650 |
_aPHARMACY _xB.PHARMA _97083 |
||
| 942 | _cBK | ||
| 999 |
_c6006 _d6004 |
||